00610nam a2200193Ii 450000100060000000300090000600800410001502000150005604000330007104100080010408200160011210000250012824500900015326400800024330000120032333600260033533700280036133800270038914461CO-ViMGA241108s9999||||xx |||||||||||||| ||und|| a9589160859 aCO-ViMGAbspaerdacCO-ViMGA0 aspa04a301.248 I591 aJosé Eduardo Rueda10aInvestigación, Cultura y Política:bEsbozos para una crítica interdisciplinaria 1aBogotá, Colombia : Universidad Distrital Francisco José de Caldas, 2001 avolumen atextbtxt2rdacontent aunmediatedbn2rdamedia avolumebnc2rdacarrier